00330nam a2200121Ia 4500008004100000245006900041260001700110260000900127300000800136650002300144650001200167856002900179170516s9999 xx 000 0 und d aImaging of Adrenal Masses with Emphasis on Adrenocortical Tumors bTheranostics c2012 a2:5 xMedical Technology xMedtech uhttp://www.thno.org/v2i5